Misericordia

Na minha lista:
Detalhes bibliográficos
Autor principal: Pérez Galdos, B (Author)
Formato: Livro
Idioma:espanhol
Publicado em: Buenos Aires Hispania 1960
Assuntos:
Tags: Adicionar Tag
Sem tags, seja o primeiro a adicionar uma tag!

MARC

LEADER 00000nam a2200000 a 4500
001 UCH6032
003 CL-VaPUC
008 091109e19600000AG |||||||||||||||||spa|d
082 0 4 |a 863  |b PER  |2 21 
100 0 |a Pérez Galdos, B  |e author  |9 542422 
245 1 0 |a Misericordia 
300 |a 240 p 
942 |c BK 
945 |d 20091109 00:00:00  |a ccalabra 
260 |a Buenos Aires  |b Hispania  |c 1960 
650 0 |a Literatura  |9 259151 
650 0 |a Literatura española  |9 306261 
650 0 |a Novelas españolas  |9 265052 
650 0 |a Escritores españoles  |9 318145 
650 0 |a Narrativa  |9 336727 
650 0 |a Lectura  |9 307634 
650 0 |a Ficción   |9 376687 
651 0 |a España  |9 254926 
583 |a last modification  |c 20091109 00:00:00  |k Rodrigo Vera 
999 |c 337009  |d 337007